| 000 | 00840nam a2200241Ia 4500 | ||
|---|---|---|---|
| 003 | OSt | ||
| 005 | 20220923223918.0 | ||
| 006 | a|||||r|||| 00| 0 | ||
| 007 | ta | ||
| 008 | 220922b |||||||| |||| 00| 0 hin d | ||
| 024 | _a223,209 | ||
| 037 | _cTextual | ||
| 040 |
_aARTS _cARTS _bhin |
||
| 041 |
_2hin _ahin |
||
| 082 | _aNT44xN33w, 152P4 | ||
| 100 |
_aशाह, बी0 एम0; तनेजा, जयदेव, संपा. _9167665 |
||
| 245 | 0 | _aबी एम शाह | |
| 246 | _aBī0 ema0 shāha | ||
| 260 |
_aनई दिल्ली _b राष्ट्रीय नाट्य विद्यालय _c2004 |
||
| 300 |
_a228पृ. _ccm. |
||
| 942 |
_hNT44xN33w, 152P4 _cTEXL _2CC |
||
| 999 |
_c368176 _d368176 |
||